• 首页
  • 本馆介绍
  • 公告通知
  • 最新文献
  • 馆藏检索
  • 电子资源
  • 读者导购
  • 参考咨询
  • 我的图书馆
  • 登录
  • 详细信息显示
  • 放入我的书架
  • 预约/预借图书
  • 作者相关作品
  • 分类相关作品
  • 丛书相关作品
  • 出版社相关作品

书目信息

  • 表格格式
  • 工作单格式
  • 卡片格式
题名:
晚近国际法的新发展
    
 
作者: 陈世材 著
分册:  
出版信息: 北京   友谊出版公司  1983
页数: 60页
开本: 20cm
丛书名:
单 册:
中图分类: D990
科图分类:
主题词: 国际法--研究
电子资源:
ISBN:
000 00577nam0 2200217 45
001 0183004513
005 20060801083257.34
010    @dCNY0.56
091    @aCN@b6309.1
100    @a19960215d1983 em y0chiy0121 ea
101 1  @achi@ceng
102    @aCN@b110000
105    @ay zn 000yy
200 10 @a晚近国际法的新发展@Awan jin guo ji fa de xin fa zhan@f(美)陈世材著
210    @a北京@c友谊出版公司@d1983
215    @a60页@d20cm
606    @a国际法@x研究
690    @aD990@v3
701  0 @a陈世材@Achen shi cai@4著
801  0 @aCN@bTSSF@c20060801
905    @a10447@dD990@e58
    
    晚近国际法的新发展/(美)陈世材著.-北京:友谊出版公司,1983
    60页;20cm
    
    
    ISBN :CNY0.56
    
●
相关链接 在E读中查询图书 在五车中查询图书 在当当中查询图书 在豆瓣中查询图书


正题名:晚近国际法的新发展     索取号:D990/58         预约/预借

序号 登录号 条形码 馆藏地/架位号 状态 备注
1 0441069   204410690   密集书库/ [索取号:D990/58] 在馆    
2 0441089   204410896   密集书库/ [索取号:D990/58] 在馆    
唐山师范学院图书馆 欢迎您!
大连网信软件有限公司© 版权所有